[Event "Toronto-ch Reserves"]
[Site "Toronto CAN"]
[Date "1999.02.09"]
[Round "7"]
[White "Bergeron, Florian"]
[Black "Sumangil, Tracy"]
[Result "0-1"]
[WhiteElo "2054"]
[BlackElo "1995"]
[PlyCount "68"]
[GameId "2160767911805762"]
[EventDate "1999.01.19"]
[EventType "tourn"]
[EventRounds "9"]
[EventCountry "CAN"]

1. d4 Nf6 2. c4 g6 3. Nc3 Bg7 4. e4 d6 5. Be2 O-O 6. Nf3 Bg4 7. O-O Nc6 8. d5 Bxf3 9. Bxf3 Ne5 10. Be2 c5 11. h3 a6 12. Be3 Rb8 13. f4 Ned7 14. a4 Re8 15. Kh1 e6 16. dxe6 Rxe6 17. Bf3 Nb6 18. Qd3 Qc7 19. Rfe1 Rbe8 20. g4 Nfd7 21. a5 Nc8 22. Bf2 g5 23. e5 gxf4 24. Nd5 Qb8 25. exd6 Rxe1+ 26. Rxe1 Rxe1+ 27. Bxe1 Qxd6 28. Qf5 Qe5 29. Be4 Nd6 30. Qxh7+ Kf8 31. Nc3 Nf6 32. Qh4 Ndxe4 33. Nd5 Ng3+ 34. Bxg3 fxg3 0-1

[Event "Toronto-ch Reserves"]
[Site "Toronto CAN"]
[Date "1999.02.09"]
[Round "7"]
[White "Buscar, Michael"]
[Black "Hacatoglu, Kevork"]
[Result "0-1"]
[WhiteElo "2013"]
[BlackElo "2099"]
[PlyCount "56"]
[GameId "2160767911805763"]
[EventDate "1999.01.19"]
[EventType "tourn"]
[EventRounds "9"]
[EventCountry "CAN"]

1. e4 e6 2. d4 d5 3. Nd2 Nf6 4. e5 Nfd7 5. Bd3 c5 6. c3 Nc6 7. Ne2 cxd4 8. cxd4 f6 9. exf6 Nxf6 10. Nf3 Bd6 11. O-O O-O 12. Bg5 Qe8 13. Ng3 Ng4 14. h3 e5 15. dxe5 Ngxe5 16. Nxe5 Nxe5 17. Be2 Be6 18. Be3 Qe7 19. f4 Ng6 20. Bf3 Nxf4 21. Bxf4 Bxf4 22. Ne2 Qc5+ 23. Kh1 Bc7 24. Qd4 Qd6 25. Qg1 Rf6 26. g4 Raf8 27. Qg2 Rxf3 28. Rxf3 Rxf3 0-1

[Event "Toronto-ch Reserves"]
[Site "Toronto CAN"]
[Date "1999.02.09"]
[Round "7"]
[White "Riwanto, Hendry"]
[Black "Dutton, Warren"]
[Result "1-0"]
[WhiteElo "1961"]
[BlackElo "2011"]
[PlyCount "87"]
[GameId "2160767911805764"]
[EventDate "1999.01.19"]
[EventType "tourn"]
[EventRounds "9"]
[EventCountry "CAN"]

1. d4 Nf6 2. c4 c5 3. e3 e6 4. Bd3 Nc6 5. Ne2 Be7 6. O-O O-O 7. a3 a5 8. d5 exd5 9. cxd5 Nxd5 10. Bxh7+ Kxh7 11. Qxd5 g6 12. f4 f5 13. Rf3 d6 14. Nbc3 Kg7 15. Bd2 Ra6 16. Nb5 Rb6 17. Bc3+ Bf6 18. Nxd6 Bxc3 19. Nxc3 Rxb2 20. Na4 Rc2 21. Qd3 Qf6 22. Rff1 Rd8 23. Qxc2 Rxd6 24. Nxc5 b6 25. Na4 Ba6 26. Rfd1 Bd3 27. Qb2 b5 28. Qxf6+ Rxf6 29. Rxd3 bxa4 30. Rad1 Re6 31. Rd6 Kf7 32. Kf2 Ke7 33. Rd7+ Kf6 34. h3 Nb8 35. Rb7 Na6 36. g4 Rc6 37. Rb5 Rc2+ 38. Kf3 Nc5 39. Rxa5 Ne4 40. gxf5 gxf5 41. Rxf5+ Kxf5 42. Rd5+ Kf6 43. Kxe4 Ra2 44. Rd3 1-0

[Event "Toronto-ch Reserves"]
[Site "Toronto CAN"]
[Date "1999.02.09"]
[Round "7"]
[White "Stroud, Mike"]
[Black "Haziprodromu, Sam"]
[Result "1-0"]
[WhiteElo "2165"]
[BlackElo "1948"]
[PlyCount "41"]
[GameId "2160767911805765"]
[EventDate "1999.01.19"]
[EventType "tourn"]
[EventRounds "9"]
[EventCountry "CAN"]

1. d4 Nf6 2. c4 c5 3. d5 b5 4. cxb5 a6 5. Nc3 d6 6. e4 g6 7. f4 Bg7 8. Nf3 O-O 9. a4 axb5 10. Bxb5 Ne8 11. Be3 Nc7 12. Bd3 Nba6 13. O-O Rb8 14. Qe2 Nb4 15. Bc4 e6 16. dxe6 fxe6 17. Rad1 Bb7 18. Bxc5 Nca6 19. Bxd6 Qb6+ 20. Kh1 Kh8 21. Ng5 1-0

[Event "Toronto-ch Reserves"]
[Site "Toronto CAN"]
[Date "1999.02.18"]
[Round "7"]
[White "Cohen, David"]
[Black "Stevens, Christian"]
[Result "1-0"]
[WhiteElo "2043"]
[BlackElo "1929"]
[PlyCount "73"]
[GameId "2160767911805766"]
[EventDate "1999.01.19"]
[EventType "tourn"]
[EventRounds "9"]
[EventCountry "CAN"]

1. d4 d5 2. c4 c6 3. e3 Nf6 4. Nc3 a6 5. Nf3 Bf5 6. Bd3 Bg6 7. O-O e6 8. Re1 c5 9. cxd5 cxd4 10. exd4 Nxd5 11. Ne4 Be7 12. Qb3 Nc6 13. Bd2 Ra7 14. Nc5 Nxd4 15. Nxd4 Bxc5 16. Bxg6 hxg6 17. Nxe6 fxe6 18. Rxe6+ Kf8 19. Qf3+ Nf6 20. Bg5 Be7 21. Qe3 b6 22. Re1 Rd7 23. Qf3 Kf7 24. Qb3 Kf8 25. Rxb6 Rd3 26. Qe6 Rd6 27. Rxd6 Qxd6 28. Qc8+ Bd8 29. g3 Kf7 30. Bf4 Qb6 31. Qc4+ Kf8 32. Be3 Qc7 33. Bc5+ Be7 34. Bxe7+ Qxe7 35. Rxe7 Kxe7 36. Qxa6 Ng4 37. Qe2+ 1-0

[Event "Toronto-ch Reserves"]
[Site "Toronto CAN"]
[Date "1999.02.04"]
[Round "9"]
[White "Cohen, David"]
[Black "Hacatoglu, Kevork"]
[Result "1-0"]
[WhiteElo "2043"]
[BlackElo "2099"]
[PlyCount "39"]
[GameId "2160767911805767"]
[EventDate "1999.01.19"]
[EventType "tourn"]
[EventRounds "9"]
[EventCountry "CAN"]

1. d4 e6 2. e4 b6 3. Nf3 Bb7 4. Bd3 Nf6 5. Qe2 c5 6. c3 Be7 7. O-O Nc6 8. Be3 d5 9. e5 Nd7 10. Nbd2 g5 11. Ne1 Qc7 12. Qh5 Rf8 13. Nef3 O-O-O 14. Nxg5 Bxg5 15. Bxg5 f6 16. exf6 Nxf6 17. Qh4 Qe7 18. Nf3 e5 19. Bf5+ Kb8 20. dxe5 1-0

[Event "Toronto-ch class"]
[Site "Toronto CAN"]
[Date "1999.03.05"]
[Round "1"]
[White "Evans, Bill"]
[Black "Cohen, David"]
[Result "0-1"]
[WhiteElo "2105"]
[BlackElo "2026"]
[PlyCount "159"]
[GameId "2160767740584180"]
[EventDate "1999.03.05"]
[EventType "swiss"]
[EventRounds "5"]
[EventCountry "CAN"]

1. d4 d5 2. c4 e6 3. Nc3 Nf6 4. Bg5 Nbd7 5. e3 Be7 6. Nf3 c6 7. Qc2 h6 8. Bh4 O-O 9. Rd1 Re8 10. Bd3 dxc4 11. Bxc4 Nb6 12. Bb3 Nbd5 13. O-O Bd7 14. Ne5 Rc8 15. Nd3 Ng4 16. Bg3 Bg5 17. Ne4 Rf8 18. Qe2 Ngxe3 19. fxe3 Nxe3 20. Nxg5 Nxf1 21. Rxf1 hxg5 22. Bd6 Qb6 23. Bc5 Qc7 24. Bxf8 Rxf8 25. Qe5 Qxe5 26. Nxe5 Bc8 27. Kf2 g6 28. Ke3 Kg7 29. Bc2 Kg8 30. b4 Kg7 31. a4 Kg8 32. a5 Kg7 33. Rf2 f5 34. Kd2 Rd8 35. Kc3 Bd7 36. Bb3 Kf6 37. Re2 Bc8 38. Nd3 Re8 39. Re3 Re7 40. Rh3 Kg7 41. Ne5 Re8 42. Rg3 Kf6 43. Kc4 Rd8 44. Ba2 Rd5 45. Kc3 Rd8 46. Bb3 Re8 47. Re3 Re7 48. Kc4 Re8 49. Kc5 Rd8 50. Rd3 g4 51. a6 b6+ 52. Kxc6 Bxa6 53. b5 Bc8 54. Kc7 Re8 55. Bc4 g5 56. Ra3 f4 57. Nxg4+ Kf5 58. Ne5 Ke4 59. Nc6 g4 60. Bd3+ Kd5 61. Be2 e5 62. dxe5 Bf5 63. Ra4 Rh8 64. Rxf4 Rh7+ 65. Kb8 Bd7 66. Nb4+ Kxe5 67. Rc4 Bxb5 68. Rc2 Bxe2 69. Rxe2+ Kd6 70. g3 a5 71. Nd3 b5 72. Nf4 a4 73. Ng6 Rg7 74. Nh4 Kc6 75. Rc2+ Kb6 76. Kc8 b4 77. Nf5 Rh7 78. Ne3 b3 79. Rb2 Kc6 80. Kd8 {etc. mate by Queen and Rook vs. N and 2 Pawns} 0-1

[Event "Toronto-ch class"]
[Site "Toronto CAN"]
[Date "1999.03.06"]
[Round "2"]
[White "Mark, Eddie"]
[Black "Cohen, David"]
[Result "1-0"]
[WhiteElo "2120"]
[BlackElo "2026"]
[PlyCount "95"]
[GameId "2160767911805448"]
[EventDate "1999.03.05"]
[EventType "swiss"]
[EventRounds "5"]
[EventCountry "CAN"]

1. d4 Nf6 2. c4 c5 3. d5 d6 4. Nc3 g6 5. e4 Bg7 6. Bd3 O-O 7. h3 e6 8. Nf3 exd5 9. cxd5 Re8 10. O-O a6 11. a4 Nbd7 12. Bf4 Ne5 13. Nxe5 dxe5 14. Be3 Qd6 15. a5 Bd7 16. Na4 Bxa4 17. Qxa4 Rac8 18. Rfc1 Bf8 19. Rc3 Rc7 20. Rac1 Rec8 21. Qc2 Nd7 22. Be2 h5 23. Bg5 Kh7 24. Rf3 f6 25. Bd2 Bh6 26. Bxh6 Kxh6 27. Rc3 Kg7 28. Qd1 Rh8 29. h4 Kf7 30. Qd3 Rhc8 31. Qh3 Nf8 32. g4 hxg4 33. Bxg4 Nd7 34. Be6+ Kg7 35. Rg3 Rh8 36. Rcc3 Nf8 37. Qg4 Rh6 38. Rb3 Nxe6 39. Rb6 Qf8 40. dxe6 Re7 41. Rgb3 Qc8 42. Rd3 Kf8 43. Rd7 Rxd7 44. exd7 Qd8 45. Re6 Qxd7 46. Rxf6+ Ke8 47. Rf8+ Ke7 48. Rf7+ 1-0

[Event "Toronto-ch class"]
[Site "Toronto CAN"]
[Date "1999.03.06"]
[Round "2"]
[White "Nagy, Julius"]
[Black "Veltmann, Martin"]
[Result "0-1"]
[WhiteElo "1887"]
[BlackElo "2082"]
[PlyCount "38"]
[GameId "2160767911805449"]
[EventDate "1999.03.05"]
[EventType "swiss"]
[EventRounds "5"]
[EventCountry "CAN"]

1. e4 c5 2. Nf3 d6 3. d4 cxd4 4. Nxd4 Nf6 5. Nc3 g6 6. f4 Bg7 7. e5 dxe5 8. fxe5 Ng4 9. Bb5+ Nc6 10. Bf4 O-O 11. Nxc6 bxc6 12. Bxc6 Qb6 13. Qf3 Rb8 14. h3 Nxe5 15. Bxe5 Bxe5 16. Na4 Qb4+ 17. c3 Qh4+ 18. Kd2 Rd8+ 19. Bd5 Be6 0-1

[Event "Toronto-ch class"]
[Site "Toronto CAN"]
[Date "1999.03.06"]
[Round "2"]
[White "Smith, Maurice"]
[Black "Veltmann, Alfred"]
[Result "0-1"]
[Annotator ",Hugh"]
[WhiteElo "1825"]
[BlackElo "1936"]
[PlyCount "132"]
[GameId "2160767740584181"]
[EventDate "1999.03.05"]
[EventType "swiss"]
[EventRounds "5"]
[EventCountry "CAN"]

1. d4 Nf6 2. c4 e6 3. Nf3 Bb4+ 4. Bd2 Qe7 5. a3 Bxd2+ 6. Nbxd2 d5 7. e3 Nbd7 8. cxd5 exd5 9. Rc1 c6 10. Bd3 O-O 11. O-O Ne4 12. Bb1 g6 13. Nb3 Ndf6 14. h3 Bf5 15. Nc5 Nd6 16. Bxf5 Nxf5 17. Ne5 Ne4 18. Qc2 Nfd6 19. Nxe4 Nxe4 20. Rfe1 Rfc8 21. f3 Ng5 22. Qe2 Ne6 23. Nd3 Re8 24. Qd2 Qd6 25. Nc5 Re7 26. Qc3 Rae8 27. Kf2 Nd8 28. Nb3 Qf6 29. g3 Qe6 30. g4 Qd6 31. Kg2 Ne6 32. Qd2 Ng7 33. Nc5 f5 34. Nd3 fxg4 35. hxg4 Ne6 36. Ne5 Rg7 37. Rh1 Nd8 38. Rh3 Nf7 39. Nxf7 Rxf7 40. Rch1 Qe6 41. Re1 Rfe7 42. Kf2 Qf6 43. Kg2 Qg5 44. Kf2 Rf8 45. Rg3 Qh4 46. Kg2 Qf6 47. Rh3 Rfe8 48. Rg3 Re6 49. Qd3 R8e7 50. g5 Qg7 51. Qd2 Re8 52. Rg4 R6e7 53. Rg3 Re6 54. Rg4 Qe7 55. Kf2 Rf8 56. Rg3 Rf5 57. b3 Rf7 58. Rh3 Qd6 59. Qc1 Re4 60. Reh1 Ree7 61. Re1 Qe6 62. Reh1 Qe4 63. Qd2 Rc7 64. Rd1 Rf5 65. Qd3 Rcf7 66. Qxe4 dxe4 {etc.} 0-1

[Event "Toronto-ch class"]
[Site "Toronto CAN"]
[Date "1999.03.06"]
[Round "3"]
[White "Cohen, David"]
[Black "Mitrovic, Bojana"]
[Result "1/2-1/2"]
[WhiteElo "2026"]
[BlackElo "1729"]
[PlyCount "57"]
[GameId "2160767911805450"]
[EventDate "1999.03.05"]
[EventType "swiss"]
[EventRounds "5"]
[EventCountry "CAN"]

1. e4 g6 2. d4 Bg7 3. Nc3 d6 4. Be3 Nf6 5. h3 O-O 6. Nf3 c6 7. Bd3 Nbd7 8. Qd2 Re8 9. O-O-O b5 10. e5 b4 11. Ne4 dxe5 12. dxe5 Nd5 13. Bh6 Bh8 14. e6 fxe6 15. Neg5 Nc5 16. Bc4 Na4 17. Nd4 c5 18. Ndxe6 Bxb2+ 19. Kb1 Ndc3+ 20. Qxc3 Nxc3+ 21. Kxb2 Nxd1+ 22. Kc1 Qb6 23. Rxd1 Ba6 24. Bd5 Bb7 25. Bc4 Ba6 26. Bd5 Qa5 27. Nf8+ Kh8 28. Nf7+ Kg8 29. Ng5+ 1/2-1/2

[Event "Toronto-ch class"]
[Site "Toronto CAN"]
[Date "1999.03.06"]
[Round "3"]
[White "Millar, David"]
[Black "Veltmann, Martin"]
[Result "1/2-1/2"]
[WhiteElo "1989"]
[BlackElo "2082"]
[PlyCount "73"]
[GameId "2160767911805451"]
[EventDate "1999.03.05"]
[EventType "swiss"]
[EventRounds "5"]
[EventCountry "CAN"]

1. d4 Nf6 2. Nf3 g6 3. Bg5 Bg7 4. e3 O-O 5. Nbd2 d6 6. Be2 Nbd7 7. O-O h6 8. Bh4 c6 9. c3 g5 10. Bg3 Nh5 11. Ne1 Nxg3 12. hxg3 e5 13. dxe5 dxe5 14. e4 Qe7 15. b4 Rd8 16. Qc2 Nf8 17. Nc4 Be6 18. Ne3 a5 19. Nd3 axb4 20. cxb4 Nd7 21. Rfb1 Bf8 22. a4 f6 23. a5 Rac8 24. Ra3 c5 25. Rc3 Qf7 26. Nxc5 Bxc5 27. bxc5 Nb8 28. Rb6 Nc6 29. Bc4 Bxc4 30. Nxc4 Nd4 31. Qb2 Rxc5 32. Nd6 Qh5 33. g4 Qxg4 34. f3 Qh4 35. Qa2+ Kh8 36. Nf7+ Kg7 37. Nxd8 1/2-1/2

[Event "Toronto-ch class"]
[Site "Toronto CAN"]
[Date "1999.03.06"]
[Round "3"]
[White "Veltmann, Alfred"]
[Black "Benggawan, Undriadi"]
[Result "1/2-1/2"]
[WhiteElo "1936"]
[BlackElo "1882"]
[PlyCount "97"]
[GameId "2160767911805452"]
[EventDate "1999.03.05"]
[EventType "swiss"]
[EventRounds "5"]
[EventCountry "CAN"]

1. e4 d5 2. exd5 Nf6 3. Bb5+ Nbd7 4. Nc3 a6 5. Be2 Nb6 6. Nf3 Bg4 7. h3 Bh5 8. d4 Nbxd5 9. Nxd5 Qxd5 10. O-O e6 11. c3 Be7 12. Bf4 c6 13. Bh2 O-O 14. Ne5 Bxe2 15. Qxe2 Rac8 16. Rfd1 Qa5 17. Kf1 Qd8 18. Rd3 Bd6 19. Nf3 Nd5 20. Bxd6 Qxd6 21. Qe5 Qc7 22. Qxc7 Rxc7 23. g3 h6 24. a3 c5 25. dxc5 Rxc5 26. Rad1 Rfc8 27. Nd2 f5 28. c4 Nf6 29. b4 R5c7 30. c5 e5 31. Nc4 e4 32. Rd8+ Rxd8 33. Rxd8+ Kf7 34. Nd6+ Ke7 35. Rb8 g6 36. Rxb7 Kd7 37. Rxc7+ Kxc7 38. Ke2 Nd5 39. Kd2 Kc6 40. g4 fxg4 41. hxg4 a5 42. Nxe4 axb4 43. axb4 Nxb4 44. Ke3 Kd5 45. f4 Nc2+ 46. Kf3 Nd4+ 47. Ke3 Nc2+ 48. Kd2 Nd4 49. Kd3 1/2-1/2

[Event "Toronto-ch class"]
[Site "Toronto CAN"]
[Date "1999.03.07"]
[Round "4"]
[White "Mitrovic, Milan"]
[Black "Filipovich, David"]
[Result "0-1"]
[WhiteElo "2304"]
[BlackElo "2363"]
[PlyCount "122"]
[GameId "2160767911805453"]
[EventDate "1999.03.05"]
[EventType "swiss"]
[EventRounds "5"]
[EventCountry "CAN"]
[SourceTitle "CFC 1999.06"]
[Source "CFC"]
[SourceDate "1999.06.??"]
[SourceVersionDate "1999.06.??"]
[SourceQuality "1"]

1. d4 d5 2. g3 Nf6 3. Bg2 c6 4. Nf3 Bf5 5. O-O Nbd7 6. c4 e6 7. Nc3 h6 8. Nd2 Be7 9. e4 dxe4 10. Ndxe4 Nxe4 11. Nxe4 Nf6 12. Nc3 O-O 13. Be3 Qc7 14. Rc1 Rad8 15. Qb3 Ng4 16. Bf4 Bd6 17. Bxd6 Rxd6 18. d5 exd5 19. cxd5 Qb6 20. Qxb6 axb6 21. Rfd1 c5 22. Be4 Bxe4 23. Nxe4 Rd7 24. d6 f5 25. Nc3 Rfd8 26. Nb5 Nf6 27. Rd3 Kf7 28. b4 cxb4 29. Rc7 Ne8 30. Rxd7+ Rxd7 31. Rd4 Ke6 32. Rxb4 Nxd6 33. Nc3 Rc7 34. Ne2 Ke5 35. a4 Rc4 36. f4+ Kd5 37. Rxb6 Kc5 38. a5 Rb4 39. Kf2 Rxb6 40. axb6 Nc4 41. Kf3 Nxb6 42. g4 Nd5 43. gxf5 Nf6 44. h4 b5 45. Ke3 Kc4 46. Nd4 b4 47. Nc2 Kc3 48. Nd4 b3 49. Ne2+ Kc4 50. Kd2 Ne4+ 51. Kc1 Nc3 52. Ng3 Na4 53. Ne4 b2+ 54. Kc2 b1=Q+ 55. Kxb1 Nc3+ 56. Nxc3 Kxc3 57. Kc1 Kd3 58. Kd1 Ke3 59. Ke1 Kxf4 60. Kf2 Kxf5 61. Kg3 h5 0-1

[Event "Toronto-ch class"]
[Site "Toronto CAN"]
[Date "1999.03.07"]
[Round "4"]
[White "Stevens, Christian"]
[Black "Cohen, David"]
[Result "1/2-1/2"]
[WhiteElo "1937"]
[BlackElo "2026"]
[PlyCount "53"]
[GameId "2160767911805454"]
[EventDate "1999.03.05"]
[EventType "swiss"]
[EventRounds "5"]
[EventCountry "CAN"]

1. e4 e5 2. f4 d6 3. Nf3 Bg4 4. Bc4 Qd7 5. c3 Nc6 6. d3 Nf6 7. O-O Be7 8. b4 O-O 9. h3 Bxf3 10. Qxf3 Rad8 11. Re1 Rfe8 12. Na3 d5 13. exd5 Nxd5 14. fxe5 Bxb4 15. cxb4 Ndxb4 16. Bb2 Nxd3 17. Bxd3 Qxd3 18. Qxd3 Rxd3 19. Rad1 Red8 20. Rxd3 Rxd3 21. Kf2 Kf8 22. Nb5 a6 23. Nxc7 Ke7 24. Na8 Nb4 25. Ke2 Rg3 26. Kf2 Rd3 27. Ke2 1/2-1/2

[Event "Toronto-ch class"]
[Site "Toronto CAN"]
[Date "1999.03.07"]
[Round "4"]
[White "Veltmann, Alfred"]
[Black "Takov, Chris"]
[Result "1-0"]
[Annotator ",Hugh"]
[WhiteElo "1936"]
[BlackElo "1814"]
[PlyCount "50"]
[GameId "2160767740584182"]
[EventDate "1999.03.05"]
[EventType "swiss"]
[EventRounds "5"]
[EventCountry "CAN"]

1. e4 e6 2. d4 c5 3. Nf3 d5 4. Bb5+ Nc6 5. Nc3 cxd4 6. Nxd4 Bd7 7. exd5 Nxd4 8. Qxd4 Bxb5 9. Nxb5 a6 10. Nc3 Nf6 11. Be3 Nxd5 12. Nxd5 Qxd5 13. Qxd5 exd5 14. O-O-O O-O-O 15. Rd3 Be7 16. Rhd1 Rhe8 17. Rxd5 Rxd5 18. Rxd5 Kc7 19. c4 Kc6 20. Rf5 f6 21. Rh5 h6 22. a3 Bf8 23. b4 Re4 24. c5 g6 25. Rh3 f5 {etc,} 1-0

[Event "Toronto-ch class"]
[Site "Toronto CAN"]
[Date "1999.03.07"]
[Round "4"]
[White "Veltmann, Martin"]
[Black "Lentini, Joseph"]
[Result "0-1"]
[WhiteElo "2082"]
[BlackElo "1974"]
[PlyCount "72"]
[GameId "2160767911805455"]
[EventDate "1999.03.05"]
[EventType "swiss"]
[EventRounds "5"]
[EventCountry "CAN"]

1. Nf3 Nf6 2. c4 b6 3. g3 Bb7 4. Bg2 g6 5. O-O Bg7 6. Nc3 d6 7. d4 Nbd7 8. Re1 O-O 9. e4 e5 10. d5 a6 11. b3 h6 12. Bb2 Nh7 13. a3 f5 14. exf5 gxf5 15. b4 Qf6 16. Ne2 Qf7 17. Nh4 Nhf6 18. Rf1 Ne4 19. f3 Ng5 20. f4 exf4 21. Bxg7 Qxg7 22. Nxf4 Ne5 23. Qc2 Bc8 24. Rae1 Bd7 25. Kh1 Rae8 26. a4 Ng4 27. Rxe8 Rxe8 28. Qd3 Re1 29. Kg1 Rxf1+ 30. Bxf1 Qb2 31. Qe2 Qxb4 32. Ne6 Bxe6 33. dxe6 Qc5+ 34. Kh1 Nf2+ 35. Kg2 Nfe4 36. g4 fxg4 0-1

[Event "Toronto-ch class"]
[Site "Toronto CAN"]
[Date "1999.03.07"]
[Round "5"]
[White "Cohen, David"]
[Black "Buscar, Michael"]
[Result "1/2-1/2"]
[WhiteElo "2026"]
[BlackElo "1967"]
[PlyCount "65"]
[GameId "2160767911805456"]
[EventDate "1999.03.05"]
[EventType "swiss"]
[EventRounds "5"]
[EventCountry "CAN"]

1. e4 c5 2. Nf3 Nc6 3. d4 cxd4 4. Nxd4 Nf6 5. Nc3 e5 6. Ndb5 d6 7. f3 a6 8. Na3 b5 9. Nd5 Be6 10. c4 b4 11. Qa4 Bd7 12. Nxb4 Nxb4 13. Qxb4 d5 14. Qc3 d4 15. Qd3 Bb4+ 16. Bd2 Qa5 17. Bxb4 Qxb4+ 18. Qd2 Qb7 19. Bd3 O-O 20. b3 Bc6 21. Nc2 Nd7 22. O-O Nc5 23. Nb4 Rab8 24. Nd5 Bxd5 25. exd5 Nxd3 26. Qxd3 f6 27. Rfb1 a5 28. a3 Qe7 29. Qd2 Qc5 30. Qd3 Rb7 31. Kf1 Rfb8 32. Ke2 Rb6 33. Kd2 1/2-1/2

[Event "Toronto-ch class"]
[Site "Toronto CAN"]
[Date "1999.03.07"]
[Round "5"]
[White "Momic, Jovan"]
[Black "Veltmann, Alfred"]
[Result "1-0"]
[WhiteElo "1949"]
[BlackElo "1936"]
[PlyCount "78"]
[GameId "2160767911805457"]
[EventDate "1999.03.05"]
[EventType "swiss"]
[EventRounds "5"]
[EventCountry "CAN"]

1. d4 e6 2. c4 d5 3. Nf3 Nf6 4. Bg5 h6 5. Bh4 Bb4+ 6. Nbd2 c6 7. a3 Bxd2+ 8. Nxd2 Nbd7 9. e3 O-O 10. Bd3 Qe8 11. cxd5 exd5 12. Bg3 Qe7 13. O-O Re8 14. Rc1 Nf8 15. b4 a6 16. Qb3 Bg4 17. a4 Rec8 18. Rc3 Nh5 19. Rfc1 Nxg3 20. hxg3 Bd7 21. Nf3 Be8 22. b5 axb5 23. axb5 f6 24. Bf5 Bd7 25. Bxd7 Qxd7 26. Qc2 Ne6 27. bxc6 bxc6 28. Rxc6 Rxc6 29. Qxc6 Qxc6 30. Rxc6 Kf7 31. Rc2 Ra1+ 32. Kh2 Ra3 33. Rb2 Rc3 34. g4 g5 35. Ng1 Rc7 36. Ne2 Kg6 37. Ng3 Rd7 38. Rb5 Kf7 39. Nf5 Kg6 1-0

[Event "Toronto-ch class"]
[Site "Toronto CAN"]
[Date "1999.03.07"]
[Round "5"]
[White "Veltmann, Martin"]
[Black "Mitro, Dave"]
[Result "0-1"]
[WhiteElo "2082"]
[BlackElo "2012"]
[PlyCount "58"]
[GameId "2160767911805458"]
[EventDate "1999.03.05"]
[EventType "swiss"]
[EventRounds "5"]
[EventCountry "CAN"]

1. c4 e6 2. Nc3 d5 3. d4 f5 4. g3 Nf6 5. Bg2 c6 6. Nh3 Be7 7. O-O O-O 8. b3 Ne4 9. Bb2 Nd7 10. f3 Nd6 11. e4 dxc4 12. e5 Nb5 13. bxc4 Nxd4 14. Na4 c5 15. f4 Qa5 16. Nf2 Rb8 17. Nd3 b5 18. cxb5 Nxb5 19. Rc1 Rd8 20. Ba1 Bb7 21. Bxb7 Rxb7 22. Qf3 Rc7 23. Nc3 Nxc3 24. Bxc3 Qxa2 25. Ra1 Qd5 26. Qxd5 exd5 27. Rfb1 c4 28. Ba5 Nb6 29. Ne1 Bc5+ 0-1

[Event "Trumpeter Classic"]
[Site "Grande Pairie CAN"]
[Date "1999.01.23"]
[Round "1"]
[White "Ottosen, David"]
[Black "Leduc, James"]
[Result "1-0"]
[WhiteElo "2067"]
[BlackElo "1653"]
[PlyCount "63"]
[GameId "2160767911805715"]
[EventDate "1999.01.23"]
[EventType "swiss"]
[EventRounds "5"]
[EventCountry "CAN"]

1. e4 c5 2. Nf3 d6 3. d4 cxd4 4. Nxd4 Nf6 5. Nc3 a6 6. Be2 e5 7. Nb3 Be7 8. O-O b5 9. Be3 Bb7 10. Bf3 b4 11. Na4 Nbd7 12. Nd2 Bc6 13. c4 Qa5 14. b3 Bxa4 15. bxa4 Nc5 16. a3 bxa3 17. Rxa3 O-O 18. Qc2 d5 19. exd5 e4 20. Be2 Nd3 21. Raa1 Nb4 22. Qd1 Qc7 23. Bd4 Qf4 24. g3 Qf5 25. Rb1 a5 26. f3 Qg6 27. fxe4 Nxe4 28. Bh5 Qa6 29. Nxe4 Qxc4 30. d6 Bxd6 31. Nxd6 Rad8 32. Nxc4 1-0

[Event "Trumpeter Classic"]
[Site "Grande Pairie CAN"]
[Date "1999.01.23"]
[Round "2"]
[White "Quiring, John"]
[Black "Ottosen, David"]
[Result "0-1"]
[WhiteElo "1966"]
[BlackElo "2067"]
[PlyCount "66"]
[GameId "2160767911805716"]
[EventDate "1999.01.23"]
[EventType "swiss"]
[EventRounds "5"]
[EventCountry "CAN"]

1. e4 e6 2. Nc3 b6 3. Bc4 Bb7 4. d3 Nc6 5. Be3 Nf6 6. d4 Bb4 7. f3 d5 8. exd5 exd5 9. Bd3 Qe7 10. Qe2 O-O-O 11. Nh3 Rhe8 12. Kf2 Kb8 13. Nb5 Qd7 14. c3 Bf8 15. b4 a6 16. Na3 a5 17. Qb2 axb4 18. Nb5 bxc3 19. Qxc3 Nb4 20. Be2 Re6 21. Nf4 Rc6 22. Qb3 Re8 23. Nc3 g5 24. Nd3 Nxd3+ 25. Bxd3 g4 26. Bb5 Qf5 27. Bxc6 Bxc6 28. Rhe1 gxf3 29. gxf3 Ng4+ 30. Kg1 Nxe3 31. Re2 Bd6 32. Qb2 Qxf3 33. Nd1 Rg8+ 0-1

[Event "Trumpeter Classic"]
[Site "Grande Pairie CAN"]
[Date "1999.01.23"]
[Round "3"]
[White "Ottosen, David"]
[Black "Wong, Ford"]
[Result "0-1"]
[WhiteElo "2067"]
[BlackElo "1972"]
[PlyCount "78"]
[GameId "2160767911805717"]
[EventDate "1999.01.23"]
[EventType "swiss"]
[EventRounds "5"]
[EventCountry "CAN"]

1. e4 c5 2. Nc3 Nc6 3. Nge2 Nf6 4. d4 cxd4 5. Nxd4 d6 6. Bg5 Qb6 7. Ndb5 e6 8. Be3 Qd8 9. Bc4 a6 10. Nd4 Ne5 11. Bb3 Be7 12. f3 b5 13. Qe2 Bd7 14. g4 h6 15. h4 Qc7 16. O-O-O Nc4 17. Bf2 Na5 18. f4 Nxb3+ 19. axb3 b4 20. Nb1 d5 21. exd5 Nxd5 22. f5 Rc8 23. fxe6 fxe6 24. Rd2 Nf4 25. Qxa6 e5 26. Ne2 O-O 27. Nxf4 Rxf4 28. g5 hxg5 29. hxg5 Bf5 30. g6 Bg5 31. Be3 Rd4 32. Bxg5 Rxd2 33. c4 Rc2+ 34. Kd1 Qd7+ 35. Bd2 Qd3 36. Ke1 Qg3+ 37. Ke2 Bd3+ 38. Kd1 Qf3+ 39. Ke1 Qe2# 0-1

[Event "Trumpeter Classic"]
[Site "Grande Pairie CAN"]
[Date "1999.01.24"]
[Round "4"]
[White "Stutzman, Larry"]
[Black "Ottosen, David"]
[Result "1-0"]
[WhiteElo "1814"]
[BlackElo "2067"]
[PlyCount "43"]
[GameId "2160767911805718"]
[EventDate "1999.01.23"]
[EventType "swiss"]
[EventRounds "5"]
[EventCountry "CAN"]

1. c4 c6 2. Nc3 d5 3. cxd5 cxd5 4. Nf3 Nc6 5. d4 Nf6 6. Bg5 Ne4 7. Bf4 Qb6 8. Rb1 Bf5 9. Nxe4 Bxe4 10. e3 Bxb1 11. Qxb1 e6 12. Bd3 Bb4+ 13. Ke2 O-O-O 14. Rc1 Bd6 15. Ne5 Bxe5 16. Bxe5 f6 17. Bg3 h6 18. b4 Kd7 19. b5 Ne7 20. Rc7+ Ke8 21. Bg6+ Kf8 22. Qb4 1-0

[Event "Trumpeter Classic"]
[Site "Grande Pairie CAN"]
[Date "1999.01.24"]
[Round "5"]
[White "Ottosen, David"]
[Black "Scherer, Gerhard"]
[Result "1-0"]
[WhiteElo "2067"]
[BlackElo "1535"]
[PlyCount "129"]
[GameId "2160767911805719"]
[EventDate "1999.01.23"]
[EventType "swiss"]
[EventRounds "5"]
[EventCountry "CAN"]

1. e4 g6 2. d4 Bg7 3. Nc3 d6 4. Be3 b6 5. f3 Bb7 6. Qd2 h6 7. O-O-O a6 8. Bc4 b5 9. Bb3 Nc6 10. Nge2 Na5 11. Kb1 Nxb3 12. cxb3 b4 13. Na4 a5 14. e5 e6 15. exd6 cxd6 16. d5 e5 17. f4 exf4 18. Nxf4 Nf6 19. Bb6 Qd7 20. Rhe1+ Kf8 21. Rc1 Qf5+ 22. Ka1 g5 23. Rc7 Ba6 24. Ree7 Ne4 25. Rxf7+ Qxf7 26. Rxf7+ Kxf7 27. Qe3 Rhe8 28. Ne6 Nc5 29. Naxc5 dxc5 30. Bxc5 Bc8 31. Qf2+ Kg8 32. Nc7 Ba6 33. Nxe8 Rxe8 34. d6 Re2 35. Qxe2 Bxe2 36. d7 Bf6 37. Bb6 Bb5 38. d8=Q+ Bxd8 39. Bxd8 a4 40. bxa4 Bxa4 41. b3 Bc6 42. g3 Kf7 43. Ba5 Ke6 44. Bxb4 Kf5 45. h4 h5 46. Kb2 g4 47. Kc3 Ke6 48. Kd4 Kd7 49. Kc5 Bf3 50. Kb6 Bd1 51. Bc5 Kc8 52. Bd6 Kd7 53. Bf4 Bf3 54. b4 Ke6 55. a4 Kd5 56. a5 Kc4 57. Bd6 Bd5 58. a6 Ba8 59. a7 Kd5 60. Kc7 Kc4 61. Kb8 Bc6 62. a8=Q Bxa8 63. Kxa8 Kb5 64. Kb7 Kc4 65. Kc6 1-0